Statistiken für Allgemeinwissen der Geschichte #3

Klicken Sie hier um das Quiz zu spielen!

Allgemein

  • Dieses Quiz wurde 2.167 mal gespielt
  • Das Durchschnittsergebnis liegt bei 11 aus 20

Antwortstatistiken

FrageAntwort% Korrekt
Wer erfand den Buchdruck in Europa?Johannes Gutenberg
92%
Deutschland, 1919-1933{Weimarer} Republik
85%
Wer hatte Kinder mit Julius Caesar und Mark Anton?Kleopatra
77%
Welches Reich, mit Cusco als Hauptstadt, kontrollierte einst weite Teile der Anden?Inkareich
74%
Welcher "generalísimo" herrschte von 1939 bis 1975 über Spanien?Francisco Franco
69%
Welche Inselkette wurde berühmterweise von Darwin besucht, was ihn zu seiner Theorie zur
Selektion der Arten inspirierte?
Galápagos-Inseln
68%
Gandhi marschierte zum Meer, um welches Produkt zu erhalten?Salz
67%
Was erfand Alfred Nobel?Dynamit
64%
Wo in Griechenland kann man Apollos Orakel finden?in Delphi
60%
Was ist der Name eines militärischen Adelsmannes im feudalen Japan?Samurai
57%
Welchen Handel dominierte die Niederländische Ostindien-Kompanie
im 17. und 18. Jahrhundert?
den Gewürzhandel
57%
Welche Stadt wurde von einem Dogen geführt?Venedig
57%
Wer soll den Gordischen Knoten gelöst haben?Alexander der Große
43%
Welches Land importierte ungefähr 4 Millionen Sklaven bevor es die Sklaverei
schlussendlich 1888 abschaffte?
Brasilien
41%
Welche Nation wurde von König Nebukadnezar II. regiert?Babylon
35%
Welche christliche Stadt wurde im Vierten Kreuzzug erobert?Konstantinopel
34%
Welche Inselkette entdeckte Kapitän Cook, bevor er von den dort
Einheimischen umgebracht wurde?
Hawaii
32%
Wer sagte "honey, I forgot to duck", nachdem er 1981 angeschossen wurde?Ronald Reagan
31%
Welche Indianerkonföderation besteht aus sechs Stämmen, darunter die
Mohawk und die Seneca?
Irokesen
28%
Wer segelte auf der Golden Hind um die Welt?Sir Francis Drake
20%

Verteilung der Resultate

Perzentil nach korrekt beantworteten Fragen

Anzahl Personen mit jedem Resultat

Ihre Resultats-Entwicklung

Sie haben dieses Quiz noch nicht gespielt